Vezina Trophy Winners - Statistics

General Stats
  • This quiz has been taken 181 times
    114 since last reset
  • The average score is 52 of 112
Answer Stats
Year Winner % Correct
2015 Carey Price
90%
2003 | 2004 | 2007 | 2008 Martin Brodeur
87%
1989 | 1990 | 1992 Patrick Roy
87%
2020 | 2024 | 2025 Connor Hellebuyck
84%
1994 | 1995 | 1997 | +3 others Dominik Hasek
84%
2019 Andrei Vasilevskiy
82%
2021 Marc-André Fleury
81%
2014 Tuukka Rask
73%
2013 | 2017 Sergei Bobrovsky
72%
2009 | 2011 Tim Thomas
70%
1956 | 1957 | 1958 | +4 others Jacques Plante
67%
2023 Linus Ullmark
67%
2018 Pekka Rinne
66%
1988 Grant Fuhr
64%
2022 Igor Shesterkin
63%
1982 Billy Smith
61%
1972 Gary Smith
61%
2012 Henrik Lundqvist
61%
1937 Normie Smith
61%
2016 Braden Holtby
57%
2002 Jose Theodore
57%
1991 | 1993 Ed Belfour
55%
1952 | 1953 | 1955 | 1965 Terry Sawchuk
55%
1973 | 1976 | 1977 | +2 others Ken Dryden
54%
2010 Ryan Miller
54%
1970 | 1972 | 1974 Tony Esposito
52%
2006 Miikka Kiprusoff
51%
1974 | 1975 Bernie Parent
49%
1961 | 1965 Johnny Bower
48%
1987 Ron Hextall
48%
1941 | 1948 Turk Broda
45%
1996 Jim Carey
43%
2000 Olaf Kolzig
43%
1984 Tom Barrasso
42%
1963 | 1967 | 1969 Glenn Hall
39%
1986 John Vanbiesbrouck
39%
1983 Pete Peeters
27%
1968 Rogatien Vachon
27%
1930 | 1933 | 1936 | 1938 Tiny Thompson
25%
1944 | 1945 | 1946 | +3 others Bill Durnan
22%
1966 | 1968 Gump Worsley
22%
1985 Pelle Lindbergh
22%
1971 Eddie Giacomin
21%
1927 | 1928 | 1929 George Hainsworth
16%
1977 | 1978 | 1979 | 1981 Michel Larocque
16%
1939 | 1942 Frank Brimsek
15%
1932 | 1934 Charlie Gardiner
12%
1981 Denis Herron
12%
1980 Don Edwards
12%
1931 Roy Worters
12%
1980 Bob Sauve
10%
1964 | 1966 Charlie Hodge
9%
1981 Richard Sevigny
9%
1951 Al Rollins
7%
1940 David Kerr
7%
1943 Johnny Mowers
7%
1967 Dennis DeJordy
6%
1971 Gilles Villemure
6%
1935 Lorne Chabot
6%
1954 Harry Lumley
3%
No matching quizzes found
Score Distribution
Percent of People with Each Score
Percentile by Number Answered
Your Score History
You have not taken this quiz since the last reset